[Event "Gatineau Outaouais op"]
[Site "Gatineau"]
[Date "2006.09.23"]
[Round "2"]
[White "Levesque, Dominique"]
[Black "Arsenault, Yves"]
[Result "0-1"]
[WhiteElo "1126"]
[BlackElo "1448"]
[PlyCount "84"]
[EventDate "2006.09.22"]
[EventType "swiss"]
[EventRounds "5"]
[EventCountry "CAN"]
[SourceTitle "EXT 2022"]
[Source "ChessBase"]
[SourceDate "2021.10.06"]
[SourceVersion "1"]
[SourceVersionDate "2021.10.06"]
[SourceQuality "1"]

1. Nf3 Nc6 2. b3 e5 3. e4 Bc5 4. Bc4 Nf6 5. d3 d6 6. Bg5 h6 7. Bh4 g5 8. Bg3 Bg4 9. Nbd2 Bd4 10. Rb1 Bc3 11. 0-0 Nd4 12. h3 Bh5 13. Bh2 Bxd2 14. g4 Nxf3+ 15. Qxf3 Bg6 16. Qe2 Bc3 17. Rfc1 h5 18. f3 hxg4 19. Qg2 gxf3 20. Qxf3 Qe7 21. Rf1 Nh5 22. Qg4 Nf4 23. Bxf4 exf4 24. Kf2 Rh4 25. Qg2 0-0-0 26. Rfe1 Bxe1+ 27. Rxe1 Rdh8 28. Ke2 Rxh3 29. Kd1 Bh5+ 30. Kc1 Bf3 31. Qd2 Qe5 32. d4 Qe7 33. e5 Rh1 34. Bf1 dxe5 35. Kb2 e4 36. Bd3 Rxe1 37. Qxe1 Rh1 38. Qc3 exd3 39. Qxd3 Be4 40. Qe2 f3 41. Qe3 Rh2 42. d5 Rxc2+ 0-1